Vocabulaire de sciences cognitives (Record no. 6806)
[ view plain ]
| 000 -LEADER | |
|---|---|
| fixed length control field | 00707nam a2200193 4500 |
| 008 - FIXED-LENGTH DATA ELEMENTS--GENERAL INFORMATION | |
| fixed length control field | s2003 fr fre u |
| 040 ## - CATALOGING SOURCE | |
| Original cataloging agency | LB-BrCRDP |
| 082 1# - DEWEY DECIMAL CLASSIFICATION NUMBER | |
| Classification number | 150 |
| Item number | Hou |
| 100 1# - MAIN ENTRY--PERSONAL NAME | |
| Personal name | Houdé, Olvier |
| 245 10 - TITLE STATEMENT | |
| Title | Vocabulaire de sciences cognitives |
| Remainder of title | Neuroscience, psychologie, intelligence artificielle, linguistique et philosophie |
| Statement of responsibility, etc. | Olvier Houdé, Daniel Kayser |
| 260 ## - PUBLICATION, DISTRIBUTION, ETC. | |
| Place of publication, distribution, etc. | Paris |
| Name of publisher, distributor, etc. | Quadrige/ puf |
| Date of publication, distribution, etc. | 2003/1998 |
| 490 1# - SERIES STATEMENT | |
| Series statement | Quadrige |
| 630 4# - SUBJECT ADDED ENTRY--UNIFORM TITLE | |
| Uniform title | Neuroscience, psychologie, intelligence artificielle, linguistique et philosophie |
| 630 4# - SUBJECT ADDED ENTRY--UNIFORM TITLE | |
| Uniform title | Sciences cognitives |
| 700 1# - ADDED ENTRY--PERSONAL NAME | |
| Personal name | Kayser, Daniel |
| 830 #0 - SERIES ADDED ENTRY--UNIFORM TITLE | |
| Uniform title | Quadrige |
| Name of part/section of a work | Dicos poche |
| 942 ## - ADDED ENTRY ELEMENTS (KOHA) | |
| Koha item type | Books |
| Withdrawn status | Lost status | Source of classification or shelving scheme | Damaged status | Not for loan | Home library | Current library | Shelving location | Date acquired | Source of acquisition | Cost, normal purchase price | Total Checkouts | Full call number | Barcode | Date last seen | Copy number | Price effective from | Koha item type |
|---|---|---|---|---|---|---|---|---|---|---|---|---|---|---|---|---|---|
| Dewey Decimal Classification | مكتبة دار المعلمين و المعلمات - بئر حسن | مكتبة دار المعلمين و المعلمات - بئر حسن | Salle de Lecture | 11/30/2005 | Ambassade de France | 0.00 | 150 Hou | CRB119 | 07/27/2016 | 1 | 07/27/2016 | Books |